000 00501cam a2200205ua 4500
001 6137
005 20260515114007.0
008 131119n ii |||gr||||Z||||||eng
020 _a81-219-2941-5
040 _cMAIN
082 _a657.42
245 _aCost Accounting
_cBy P.C. Tulsian
250 _a1st ed.
260 _aNew Delhi:
_bS. Chand & Company LTD.,
_c2008.
300 _axiii,14.55p.
653 _aCommerce
653 _aCost Accounting
700 _aTulsian,P.C.,
_eAuthor.
942 _cBK
999 _c5284
_d5284